000 00346pam a2200121a 44500
008 230405s2008 xxu||||| |||| 00| 0 eng d
041 _aENG
100 _aLeda R Castilho Ed
245 _aAnimal cell Technology ( From Biopharmaceuticals to Gens Therapy )
260 _a
_bTaylor and francis group llc 270
_c2008
300 _a518
906 _a9411
999 _c299910
_d299910